| 000 -LEADER |
| fixed length control field |
01467cam a2200337 a 4500 |
| 001 - CONTROL NUMBER |
| control field |
3087523 |
| 003 - CONTROL NUMBER IDENTIFIER |
| control field |
Nust |
| 005 - DATE AND TIME OF LATEST TRANSACTION |
| control field |
20170125103126.0 |
| 008 - FIXED-LENGTH DATA ELEMENTS--GENERAL INFORMATION |
| fixed length control field |
980302s1998 dcu i100 0 eng |
| 010 ## - LIBRARY OF CONGRESS CONTROL NUMBER |
| LC control number |
98016017 |
| 020 ## - INTERNATIONAL STANDARD BOOK NUMBER |
| International Standard Book Number |
0821342096 |
| 040 ## - CATALOGING SOURCE |
| Original cataloging agency |
DLC |
| Transcribing agency |
DLC |
| Modifying agency |
DLC |
| 050 00 - LIBRARY OF CONGRESS CALL NUMBER |
| Classification number |
HD75.8 |
| Item number |
.S66 1998 |
| 082 00 - DEWEY DECIMAL CLASSIFICATION NUMBER |
| Classification number |
338.9/22 |
| Edition number |
21 |
| 245 00 - TITLE STATEMENT |
| Title |
Social funds and reaching the poor : |
| Remainder of title |
experiences and future directions : proceedings from an international workshop organized by the World Bank ... [et al.] / |
| Statement of responsibility, etc. |
edited by Anthony G. Bigio. |
| 260 ## - PUBLICATION, DISTRIBUTION, ETC. |
| Place of publication, distribution, etc. |
Washington, D.C. : |
| Name of publisher, distributor, etc. |
World Bank, |
| Date of publication, distribution, etc. |
c1998. |
| 300 ## - PHYSICAL DESCRIPTION |
| Extent |
vii, 247 p. ; |
| Dimensions |
28 cm. |
| 440 #0 - SERIES STATEMENT/ADDED ENTRY--TITLE |
| Title |
EDI learning resources series |
| 500 ## - GENERAL NOTE |
| General note |
Papers presented at the International Workshop on Social Funds, May 27-30, 1997, Washington, D.C. |
| 610 20 - SUBJECT ADDED ENTRY--CORPORATE NAME |
| Corporate name or jurisdiction name as entry element |
World Bank. |
| 650 #0 - SUBJECT ADDED ENTRY--TOPICAL TERM |
| Topical term or geographic name entry element |
Economic development projects |
| General subdivision |
Citizen participation |
| -- |
Congresses. |
| 650 #0 - SUBJECT ADDED ENTRY--TOPICAL TERM |
| Topical term or geographic name entry element |
Community development |
| General subdivision |
Congresses. |
| 653 ## - INDEX TERM--UNCONTROLLED |
| Uncontrolled term |
Social funds. |
| 700 1# - ADDED ENTRY--PERSONAL NAME |
| Personal name |
Bigio, Anthony G. |
| 710 2# - ADDED ENTRY--CORPORATE NAME |
| Corporate name or jurisdiction name as entry element |
World Bank. |
| 711 2# - ADDED ENTRY--MEETING NAME |
| Meeting name or jurisdiction name as entry element |
International Workshop on Social Funds |
| Date of meeting |
(1997 : |
| Location of meeting |
Washington, D.C.) |
| 856 7# - ELECTRONIC LOCATION AND ACCESS |
| Materials specified |
Table of contents |
| Uniform Resource Identifier |
<a href="http://lcweb.loc.gov/catdir/toc/98-16017.html">http://lcweb.loc.gov/catdir/toc/98-16017.html</a> |
| Access method |
http |
| 906 ## - LOCAL DATA ELEMENT F, LDF (RLIN) |
| a |
7 |
| b |
cbc |
| c |
orignew |
| d |
1 |
| e |
ocip |
| f |
19 |
| g |
y-gencatlg |
| 942 ## - ADDED ENTRY ELEMENTS (KOHA) |
| Source of classification or shelving scheme |
|
| Koha item type |
Book |